| 000 | 00631nam a2200205Ia 4500 | ||
|---|---|---|---|
| 003 | GCL | ||
| 008 | 140319s9999 xx 000 0 ara d | ||
| 040 |
_aGCL / _cGCL |
||
| 082 | 0 | 4 |
_a633 _bم ت |
| 100 | 1 | _aمصطفى كمال مصطفى | |
| 245 | 1 | 0 |
_aتكنولوجيا صناعات الحبوب ونتاجها / _cمصطفى كمال مصطفى |
| 260 |
_a[S.N] : _bالمكتبة الاكاديمية ، _c1993 |
||
| 300 | _a446 | ||
| 490 |
_aالسلسلة الشعرية الثانية _v0 |
||
| 650 | 0 | 4 | _aالتصنيع |
| 650 | 0 | 4 | _aالدقيق |
| 650 | 0 | 4 | _aالذرة |
| 650 | 0 | 4 | _aالقمح |
| 942 |
_2ddc _cBK |
||
| 999 |
_c53725 _d53725 |
||